Normal view
MARC view
Entry Topical Term
001 - CONTROL NUMBER
- control field: 956
003 - CONTROL NUMBER IDENTIFIER
- control field: BD-RjUL
005 - DATE AND TIME OF LATEST TRANSACTION
- control field: 20220130104425.0
008 - FIXED-LENGTH DATA ELEMENTS
- fixed length control field: 220130|| aca||aabn | a|a d
040 ## - CATALOGING SOURCE
- Original cataloging agency: BD-RjUL
- Transcribing agency: BD-RjUL
150 ## - HEADING--TOPICAL TERM
- Topical term or geographic name entry element: Persian language
- Form subdivision: Study and teaching
670 ## - SOURCE DATA FOUND
- Source citation: Work cat.: (BD-RjUL)77896: Ṯamara, Yadallāh 955, Persian language teaching Elementary book -3 /, 2005